000 00686nam a22001217a 4500
008 110628t xxu||||| |||| 00| 0 eng d
010 _aCAEPAF127
245 _aCourt Of Appeal Election Petition Appeal No. 10 OF 2002 Electoral Commission and another Vs Winnie Babihuga
260 _c2002
500 _aCORAM: HON. JUSTICE J.P. BERKO, JA HON. JUSTICE C.N.B. KITUMBA, JA HON. JUSTICE C.K. BYAMUGISHA, JA
500 _aAppeal from the decision and Judgement of the Honourable Mr. Justice V.F. MUSOKE-KIBUUKA dated 20th March 2002 and delivered at Kampala.
999 _c4155
_d4155